Modi's foreign policy/ (Record no. 173635)

MARC details
000 -LEADER
fixed length control field 00655nam a22002057a 4500
005 - DATE AND TIME OF LATEST TRANSACTION
control field 20200304110709.0
010 ## - LCCN (DPL NO)
LC control number ENG-127966
020 ## - INTERNATIONAL STANDARD BOOK NUMBER
International Standard Book Number 9789386446589
Terms of availability 850.00
035 ## - SYSTEM CONTROL NUMBER
System control number EN-111498
037 ## - SOURCE OF ACQUISITION
Source of stock number/acquisition DBAD/PUB
082 ## - DEWEY DECIMAL CLASSIFICATION NUMBER
Classification number 327.540090512
100 ## - MAIN ENTRY--PERSONAL NAME
Personal name Chowdhary,Reeta
245 ## - TITLE STATEMENT
Title Modi's foreign policy/
Statement of responsibility, etc by Reeta Chowdhary,Tremblay, [and] Ashok Kapur
260 ## - PUBLICATION, DISTRIBUTION, ETC. (IMPRINT)
Place of publication, distribution, etc New Delhi
Name of publisher, distributor, etc Sage Publication India
Date of publication, distribution, etc 2017
270 ## - ADDRESS
Address B1/1-1 Mohan Cooperative Industrial Area Mathura Road
City New Delhi
Postal code 110044
300 ## - PHYSICAL DESCRIPTION
Extent xi;256p.
Dimensions 24cm(hb)
700 ## - ADDED ENTRY--PERSONAL NAME
Personal name Tremblay,
700 ## - ADDED ENTRY--PERSONAL NAME
Personal name Kapur, Ashok
942 ## - ADDED ENTRY ELEMENTS (KOHA)
Source of classification or shelving scheme Dewey Decimal Classification
Item type English Books
Classification part 327.540090512
Call number suffix CHO
Holdings
Withdrawn status Lost status Not for loan Collection code Home library Current library Date acquired Source of acquisition Cost, normal purchase price Full call number Barcode Copy number Cost, replacement price Koha item type
      Non-fiction Sarojini Nagar Sarojini Nagar 04/03/2020 DBAD/PUB 850.00 327.540090512 CHO EN-111498 1 850.00 English Books

© Delhi Public Library
Hit Counter
free hit counter